| 000 | 00369nam a2200109Ia 4500 | ||
|---|---|---|---|
| 008 | 171204s9999 xx 000 0 und d | ||
| 245 | _aEnvisioning Socialism: Television and the Cold War in the German Democratic Republic: | ||
| 245 | _cHeather Gumbert | ||
| 260 | _c2014 | ||
| 650 | _xTV PRODUCTION AND DIRECTION | ||
| 856 | _uhttp://down.ebook777.com/052/0472119192.pdf | ||
| 999 |
_c346195 _d346195 |
||